[Event "SA Candidates"]
[Site "Adelaide"]
[Date "2002.03.12"]
[Round "5.5"]
[White "Foggo, Grant"]
[Black "Takos, Adam"]
[Result "0-1"]
[WhiteElo "1489"]
[BlackElo "1526"]
[Annotator "Fritz 7 - Anderson-Smith,W"]
[PlyCount "98"]
[EventDate "2002.02.12"]
[EventType "swiss"]
[EventRounds "7"]
[EventCountry "AUS"]

{C11: French: Classical System: 4 e5 and 4 Bg5 dxe4} 1. e4 e6 2. d4 d5 3. Nc3
Nf6 4. e5 Nfd7 5. Nf3 $2 (5. f4 c5 6. Nf3 Qb6 7. Be3 a6 8. a3 Qa7 9. Ne2 Nc6
10. c3 b5 11. dxc5 Bxc5 12. Bxc5 Nxc5 13. Ned4 Bd7 14. Bd3 Na5 15. Bc2 Nc4 16.
Qc1 Rc8 17. O-O h6 18. Kh1 O-O 19. Rb1 Qc7 20. Qe1 a5 21. Qe2 Rb8 22. Nd2 f6
23. b4 Nxd2 24. Qxd2 Ne4 25. Bxe4 dxe4 26. Qa2 Qxc3 {
1/2-1/2 Gdanski,J-Short,N/Ohrid 2001/CBM 84 (26)}) 5... c5 6. Bf4 (6. Be2 Nc6
7. dxc5 Bxc5 8. Bf4 O-O 9. Bg3 a6 10. O-O Bb6 11. Re1 f6 12. exf6 Nxf6 13. Bd3
Bc7 14. Bh4 Qd6 15. g3 Kh8 16. Bf1 Bd7 17. Bg2 h6 18. Qd2 Be8 19. Rad1 Rd8 20.
Re2 Bg6 {Cserti,S-Brehovsky,P/Passau 2000/CBM 76 ext/0-1 (45)}) (6. dxc5 Bxc5
7. Bd3 Nc6 8. Bf4 f6 9. exf6 Nxf6 10. O-O O-O 11. Qd2 (11. Ne5 Nxe5 (11... Ne4
12. Nxc6 bxc6 13. Be3 Bxe3 14. fxe3 Rxf1+ 15. Qxf1 Nxc3 16. bxc3 Qd6 17. Qf2 e5
18. c4 Be6 19. cxd5 cxd5 20. Bf5 Rf8 21. Bxe6+ Qxe6 22. Qd2 Rc8 23. Rd1 Rc5 24.
c4 Rxc4 25. Qxd5 Qxd5 26. Rxd5 Rc1+ 27. Kf2 Rc2+ 28. Kg3 Rxa2 29. Rxe5 Kf7 30.
Rb5 Kf6 31. Kf3 g5 32. h3 h5 33. Rc5 h4 {
1/2-1/2 Fuller,M-Kontorovich,M/Melbourne 1993/EXT 97 (33)}) 12. Bxe5 Bd7 13.
Qe2 a6 14. a3 Qb6 15. Kh1 Rae8 16. f4 Bc6 17. Rae1 Rf7 18. Nd1 Ne4 19. c3 Rd8
20. Qg4 Re8 21. Rf3 Bd6 22. Bxd6 Nxd6 23. Rxe6 Rxe6 24. Qxe6 Ne4 25. Re3 Qb3
26. Re1 Bd7 27. Qe5 Rf5 28. Qe7 Bc6 29. Qe6+ {
1-0 Rogers,I-Calderwood,S/London 1991/TD (29)}) 11... a6 12. a3 Bd6 13. Bg5 Qe8
14. Rfe1 Qh5 15. Ne2 Ne4 16. Bxe4 dxe4 17. Nh4 h6 18. Bf4 Bxf4 19. Nxf4 Qxh4
20. Ng6 Rd8 21. Qe2 Qf6 22. Qh5 Rd5 23. Qg4 Rg5 {
0-1 Jordan,W-Stephens,M/Melbourne 1991/EXT 97 (23)}) 6... Nc6 (6... cxd4 7.
Nxd4 Nc6 8. Nxc6 bxc6 9. Bd3 Rb8 10. O-O Rxb2 11. Ne2 Nc5 12. Nd4 Rb6 13. Nb3
Nxd3 14. cxd3 c5 15. Rc1 Rc6 16. Be3 Qc7 17. Bxc5 Bxc5 18. Qc2 Ba6 19. Nxc5
Bxd3 20. Qa4 Bc4 21. Rxc4 {Horner,J-Carleton,J/Ayr 1978/EXT 99/0-1 (40)}) 7.
Nb5 $146 (7. Ne2 Qb6 8. b3 cxd4 9. a3 a5 10. Nexd4 Nxd4 11. Nxd4 Bc5 12. c3 Bf8
13. b4 axb4 14. cxb4 Rxa3 15. Rc1 Bxb4+ 16. Bd2 O-O 17. Nb5 Ra2 18. Rc2 Rxc2
19. Qxc2 Bxd2+ 20. Qxd2 Nxe5 21. Nc3 Qb4 22. Nb5 Qxd2+ 23. Kxd2 Bd7 24. Nd6 Rb8
25. Be2 b5 26. Rb1 b4 27. f4 Ng6 28. g3 Rb6 {
0-1 Trang,S-Graebe,K/Kassel 1999/EXT 2000 (28)}) (7. dxc5 $142 $5 {
is noteworthy} Bxc5 8. Bd3 $11) 7... a6 $17 8. Nd6+ Bxd6 9. exd6 Qb6 10. c4
Nxd4 11. cxd5 Nxf3+ 12. gxf3 e5 13. Qe2 (13. Rg1 Qxb2 (13... exf4 $6 14. Qe2+
Kf8 15. Qe7+ Kg8 16. Rxg7+ Kxg7 17. Qg5+ Kf8 18. Qe7+ Kg8 19. Qg5+ Kf8 20. Qe7+
Kg7 21. Qg5+ Kf8 $11) 14. Be3 Rg8 $17) 13... O-O (13... Qb4+ 14. Bd2 Qxb2 15.
Qd1 $19) 14. Bc1 (14. Bg3 $5 $17) 14... Qxd6 $19 15. Rg1 g6 (15... Nb6 16. f4
exf4 17. Bd2 Nxd5 18. O-O-O $19) 16. b3 (16. Bh6 Re8 $17) 16... Re8 17. Bb2 Nf6
18. O-O-O Bf5 (18... Nh5 $142 $5 $19) 19. Qd2 $15 b5 20. f4 $2 (20. Qg5 $142 $5
{and White can hope to survive} Bd7 21. f4 $15) 20... exf4 21. Qc3 Kg7 22. Bd3
b4 (22... Bxd3 23. Rxd3 b4 24. Qc4 $19) 23. Qd2 (23. Qxf6+ Qxf6 24. Bxf5 Re5
$17) 23... Bxd3 $19 24. Qxd3 Kf8 (24... Kg8 25. Qh3 $19) 25. Qh3 Nh5 (25...
Nxd5 $4 {Black will choke on that pawn} 26. Qxh7 Ke7 27. Rde1+ Kd7 28. Qxf7+
Re7 29. Rxe7+ Nxe7 30. Rd1 Qxd1+ 31. Kxd1 $18) 26. f3 (26. Qf3 $142 $19) 26...
a5 27. Qf1 a4 28. Qc4 axb3 29. axb3 Ng7 30. Rg4 Nf5 31. Qxf4 Qxf4+ (31... Qa6
$142 $5 {and Black can already relax} 32. Qc4 Ne3 33. Qxa6 Rxa6 $19) 32. Rxf4
Rad8 (32... Ne3 33. Rd2 $19) 33. Bf6 (33. Re4 $5 $17) 33... Rd6 $19 34. Ba1 (
34. Rxf5 gxf5 35. Bg5 Re2 $19) 34... Red8 35. Rg1 (35. Re4 Rxd5 36. Rxd5 Rxd5
$19) 35... Rxd5 36. h4 (36. Re1 {doesn't get the bull off the ice} Ne3 $1 {
finishing him off} 37. Re4 Rd1+ 38. Rxd1 Rxd1+ (38... Nxd1 $6 39. Bf6 Rd3 40.
Be7+ Kg7 41. Kc2 $17) 39. Kb2 Nd5 $19) 36... h5 37. Rc4 Ne3 38. Re4 Rd1+ 39.
Rxd1 Rxd1+ (39... Nxd1 $6 40. Bf6 Rd7 41. Re5 $19) 40. Kb2 Re1 (40... Rd3 {
makes it even easier for Black} 41. Kc1 Rxb3 42. Re5 $19) 41. Ka2 Nc2 42. Rxe1
(42. Bf6 {the only chance to get some counterplay} Rxe4 43. fxe4 $19) 42...
Nxe1 43. f4 (43. Bf6 {doesn't change the outcome of the game} Nxf3 44. Bd8 g5
45. hxg5 h4 $19) 43... Ng2 (43... Ke7 $142 {might be the shorter path} 44. Bb2
$19) 44. Be5 (44. Bf6 $19 {is one last hope}) 44... Ke7 45. Kb2 (45. f5 {
is no salvation} Nxh4 46. fxg6 fxg6 $19) 45... Nxh4 46. Kc2 Ke6 47. Kd3 Kd5 48.
Ke3 Nf5+ 49. Kd3 (49. Kf2 {doesn't change anything anymore} Nd4 50. Bc7 c4 51.
bxc4+ Kxc4 $19) 49... Nd4 (49... Nd4 50. Bf6 Nxb3 $19) (49... h4 $142 $5 {
seems even better} 50. Ke2 Nd4+ 51. Ke3 Nxb3 52. Bb2 $19) 0-1

[Event "SA Candidates"]
[Site "Adelaide"]
[Date "2002.03.12"]
[Round "5.6"]
[White "Heitmann, Syam"]
[Black "Schoech, Franz"]
[Result "0-1"]
[WhiteElo "1244"]
[BlackElo "1197"]
[Annotator "Fritz 7 - Anderson-Smith,W"]
[PlyCount "130"]
[EventDate "2002.02.12"]
[EventType "swiss"]
[EventRounds "7"]
[EventCountry "AUS"]

{D20: Queen's Gambit Accepted: 3 e3 and 3 e4} 1. d4 d5 2. c4 dxc4 3. e4 Nc6 4.
Nf3 Bg4 5. d5 (5. Bxc4 e6 6. Bb5 (6. Be3 Bxf3 7. gxf3 Qf6 8. Bb5 Bb4+ 9. Nc3
Nge7 10. a3 Ba5 11. f4 O-O-O 12. e5 Qh4 13. Qa4 a6 14. Bxc6 Nxc6 15. O-O-O Bxc3
16. bxc3 g5 17. fxg5 Nxe5 18. Rhg1 Nc6 19. Qc2 Qxh2 20. Rh1 Qd6 21. Qb3 Na5 22.
Qb4 Qd5 23. Bf4 Nc4 24. a4 Rd7 25. Rh4 e5 26. Bg3 Rhd8 27. Re1 a5 28. Qb3 Rd6
29. Bxe5 Rb6 30. Qc2 Na3 31. Qf5+ Kb8 32. Bxc7+ Kxc7 33. Re7+ Kb8 34. Qxd5 Rxd5
35. Rxh7 Rxg5 36. Rhxf7 Nc4 37. Kc2 Rg1 38. Rf8+ Ka7 39. Ree8 Rb2+ 40. Kd3 Nb6
41. Re5 Rd1+ 42. Ke4 Re2+ 43. Kf3 Rxe5 44. dxe5 Re1 {
0-1 Inkiov,V-Lautier,J/France 1996/CBM 51 (44)}) 6... Nge7 7. Nbd2 Qd6 8. a3 a6
9. Be2 O-O-O 10. Nc4 Qd7 11. Nce5 Nxe5 12. Nxe5 Bxe2 13. Qxe2 Qe8 14. O-O f6
15. Nf3 Qb5 16. Qc2 Nc6 17. Rd1 Qh5 18. Bf4 Bd6 19. d5 exd5 20. Rxd5 Ne5 21.
Bxe5 Bxe5 22. Rc5 Rd7 23. Rc1 Rhd8 24. h3 b6 25. Rc6 Bf4 26. Re1 Kb7 27. a4 Qe8
28. b4 Rd1 29. Rxc7+ Bxc7 30. Rxd1 Rxd1+ 31. Qxd1 Qxe4 32. b5 axb5 33. axb5 Qc4
34. Nd4 Qd5 35. Qa4 Be5 36. Nc6 Bd6 37. Qa7+ Kc8 38. Qa8+ Kd7 39. Qd8+ {
1-0 Bareev,E-Speelman,J/Hastings 1990/CBM 22 (39)}) 5... Ne5 6. Nc3 $2 (6. Bf4
Ng6 7. Bg3 e5 8. Bxc4 Bd6 9. Bb5+ Bd7 10. Bxd7+ Qxd7 11. Nc3 Nf6 12. O-O O-O
13. Rc1 b5 14. Qc2 Rfb8 15. Nd1 b4 16. Ne3 Qb5 17. Nc4 Nd7 18. Nfd2 Be7 19. Ne3
Bd6 20. Nf5 Nf6 {
Timman,J-Lautier,J/Wijk aan Zee 1994/CBM 39/[Ambroz]/1/2-1/2 (48)}) (6. Qa4+
Bd7 7. Qd1 Nxf3+ 8. Qxf3 b5 9. a4 a6 10. Nc3 g6 11. h4 Bg7 12. h5 Bxc3+ 13.
Qxc3 Nf6 14. hxg6 fxg6 15. Bg5 O-O 16. f3 Qe8 17. O-O-O c6 18. d6 e5 19. Bh4
Qe6 20. Bg3 Rae8 {Timeus,F-Winogradov,A/Crailsheim 2000/EXT 2001/1-0 (45)})
6... e6 $146 (6... Nf6 7. Bf4 (7. Qd4 Nxf3+ 8. gxf3 Bxf3 9. Rg1 e5 10. Qxe5+
Qe7 11. Qxe7+ Bxe7 12. Bg2 Bxg2 13. Rxg2 Bb4 14. f3 Rg8 15. Bd2 a6 16. Nd1
Bxd2+ 17. Kxd2 Rd8 18. Kc3 g6 19. Ne3 c6 20. Rd2 cxd5 21. exd5 Kd7 22. Nxc4
Rge8 23. a4 Kc7 24. d6+ Kc6 25. a5 Nd7 26. Kb4 Ne5 27. Nb6 {
1-0 Touzane,O-Dunnington,A/Cannes 1995/CBM 46 ext (27)}) 7... Ng6 8. Be3 e5 9.
Bxc4 a6 10. h3 Bd7 11. O-O Bd6 12. Nd2 O-O 13. Re1 Ne8 14. Bf1 Be7 15. Nc4 Nd6
16. Nxd6 Bxd6 17. Rc1 Qh4 18. g3 Qe7 19. Bg2 h6 20. Nb1 f5 21. exf5 Bxf5 22.
Nd2 Qd7 23. Qh5 Ne7 24. Ne4 Bg6 25. Qg4 Bf5 26. Qh5 Bg6 {
1/2-1/2 Razuvaev,Y-Ibragimov,I/Dortmund 1992/TD (26)}) (6... a6 7. Bf4 Ng6 8.
Bg3 e5 9. Bxc4 Bd6 10. Be2 Nh6 11. Nd2 Bd7 12. Nc4 f5 13. f3 O-O 14. Qd2 {
1/2-1/2 Lin Ta-Ye Rongguang/Kuala Lumpur 1990/EXT 97 (14)}) (6... Nf6 7. Qa4+
Bd7 8. Qd1 $11) 7. Bf4 (7. Qa4+ $142 Nd7 8. Ne5 $18 (8. Bxc4 $6 Bxf3 9. dxe6
fxe6 10. gxf3 c6 $11) (8. Qxc4 $6 exd5 9. exd5 Ngf6 $11)) 7... Bd6 $4 {
not a good decision, because now the opponent is right back in the game} (7...
Bxf3 $142 {was a good chance to save the game} 8. gxf3 Bd6 9. dxe6 fxe6 $11) 8.
Bxe5 $18 Bxe5 (8... Bxf3 {does not win a prize} 9. Qa4+ Kf8 10. Bxd6+ cxd6 11.
gxf3 Qb6 $18) 9. Bxc4 (9. Qa4+ $5 {makes it even easier for White} c6 10. Nxe5
exd5 11. Nxg4 d4 $18) 9... a6 $4 {Covers b5} (9... exd5 10. Bxd5 (10. Qxd5 $143
Qxd5 11. Nxd5 Bxf3 12. gxf3 c6 $17) 10... Bxf3 11. Qxf3 $11 (11. gxf3 $143 c6
$17)) 10. h3 (10. Qa4+ $142 {secures victory} b5 11. Bxb5+ axb5 12. Qxb5+ Kf8
13. Nxe5 $18) 10... Bxc3+ 11. bxc3 Bxf3 12. gxf3 (12. Qxf3 $5 {
should be examined more closely} Qf6 13. a4 $14) 12... Qf6 $15 13. Rc1 $2 (13.
dxe6 $142 $5 {is worth looking at} fxe6 14. Qd4 $15) 13... Rd8 14. Qe2 Ne7 15.
dxe6 fxe6 16. e5 Qf4 17. Rd1 Rxd1+ (17... Kf7 18. Qe4 Rxd1+ 19. Kxd1 Rd8+ 20.
Ke2 Qd2+ 21. Kf1 $19) 18. Kxd1 $17 Kf7 19. Kc2 Rd8 20. Bd3 Qa4+ 21. Kb1 g6 22.
Qc2 (22. Qe4 $5 Qa5 23. Rc1 $17) 22... Qf4 $17 23. Qe2 Nc6 24. Be4 Rd2 (24...
Nxe5 $5 25. Rd1 Rd6 $17) 25. Qe3 Qxe3 26. fxe3 Na5 27. Re1 (27. h4 $5 $15)
27... c6 28. Bc2 (28. h4 $5 $17) 28... Nc4 $19 29. f4 $4 {
leading to a quick end} (29. Bb3 $142 Nxe5 30. Rd1 Rxd1+ 31. Bxd1 $19) 29...
Na3+ 30. Kb2 Nxc2 (30... Rxc2+ $6 31. Kxa3 Rxc3+ 32. Kb2 $17) 31. Kc1 Rh2 32.
Rd1 Ke7 (32... Nxe3 $142 {keeps an even firmer grip} 33. Rd7+ Kg8 34. Rxb7 $19)
33. Rd3 (33. Rd2 {desperation} Rxd2 34. Kxd2 $19) 33... Na3 34. Rd4 Rxh3 (34...
Rxa2 $5 {might be the shorter path} 35. Kd1 $19) 35. Ra4 Nb5 36. c4 (36. Kd2 {
does not solve anything} Nc7 37. Ra3 Nd5 $19) 36... Nc3 37. Ra3 Ne4 38. Rb3 (
38. Kd1 {doesn't improve anything} Rh2 $19) 38... Nc5 39. Rc3 h5 40. Kd1 h4 41.
Ke2 Rh2+ 42. Kf3 h3 (42... Rxa2 {keeps an even firmer grip} 43. Kg4 $19) 43.
Kg3 (43. Kg4 {does not help much} Rxa2 44. Kxh3 a5 $19) 43... Ne4+ 44. Kxh2
Nxc3 45. Kxh3 (45. Kh1 Nxa2 46. Kh2 b5 47. cxb5 cxb5 48. Kg3 b4 49. Kg4 h2 50.
Kf3 h1=Q+ 51. Ke2 Nc3+ 52. Kf2 Ne4+ 53. Ke2 Qg2+ 54. Kd3 Qd2+ 55. Kxe4 Qd5#)
45... Nxa2 46. Kg3 a5 47. Kf2 Nc3 48. Ke1 a4 49. Kd2 Ne4+ 50. Kc2 b5 51. cxb5
cxb5 52. Kb2 Kd7 53. Ka2 Kc6 54. Kb2 (54. Kb1 {doesn't get the cat off the tree
} a3 55. Kc1 b4 56. Kd1 a2 57. Kc1 a1=Q+ 58. Kc2 Qc3+ 59. Kb1 Nd2+ 60. Ka2 Qa3#
) 54... b4 55. Ka2 (55. f5 {cannot undo what has already been done} gxf5 56.
Kb1 Kc5 57. Ka2 Kc4 58. Kb2 a3+ 59. Ka2 Nc3+ 60. Ka1 b3 61. e4 b2#) 55... Kc5
56. Kb2 Kc4 57. f5 gxf5 (57... a3+ 58. Ka1 Nc3 59. fxg6 b3 60. g7 b2#) 58. Kc2
(58. Kb1 {is not much help} a3 59. Kc2 b3+ 60. Kb1 Nc3+ 61. Kc1 Kd3 62. e4 b2#)
58... a3 59. Kb1 Nc3+ 60. Ka1 (60. Kc2 {is not the saving move} b3+ 61. Kc1 Kd3
62. e4 b2#) 60... Na4 (60... b3 61. e4 b2#) 61. Ka2 (61. Kb1 {
doesn't do any good} Kd3 62. Kc1 a2 63. Kd1 a1=Q#) 61... Nc5 62. Kb1 b3 63. Ka1
(63. Kc1 {cannot change destiny} b2+ 64. Kc2 Ne4 65. Kb1 Nc3+ 66. Kc2 b1=Q+ 67.
Kd2 Qd1#) 63... Kd3 (63... Ne4 64. Kb1 Nc3+ 65. Kc1 Kd3 66. e4 b2#) 64. Kb1 (
64. e4 {cannot change what is in store for ?} Nxe4 65. Kb1 Nc3+ 66. Ka1 b2#)
64... Kxe3 (64... Na4 65. Ka1 Nc3 66. e4 b2#) 65. Kc1 (65. Ka1 {
hardly improves anything} f4 66. Kb1 f3 67. Ka1 f2 68. Kb1 f1=Q#) 65... f4 (
65... f4 66. Kb1 f3 67. Ka1 f2 68. Kb1 f1=Q#) 0-1

[Event "SA Candidates"]
[Site "Adelaide"]
[Date "2002.03.19"]
[Round "6.1"]
[White "Cooke, Tristrom P"]
[Black "Oks, Oliver"]
[Result "0-1"]
[WhiteElo "1359"]
[BlackElo "1804"]
[Annotator "Fritz 7 - Anderson-Smith,W"]
[PlyCount "94"]
[EventDate "2002.02.12"]
[EventType "swiss"]
[EventRounds "7"]
[EventCountry "AUS"]

{C41: Philidor Defence} 1. e4 e5 2. Nf3 d6 3. d4 exd4 4. Nxd4 Nf6 5. Nc3 g6 (
5... Be7 6. Bf4 O-O 7. Qd2 c6 8. O-O-O b5 9. f3 b4 10. Nce2 c5 11. Nf5 Bxf5 12.
exf5 Nc6 13. g4 Qa5 14. Kb1 Ne5 15. Ng3 Nfd7 16. Bxe5 Nxe5 17. f4 Nc6 18. g5
Nd4 19. Bc4 d5 20. Bxd5 Rad8 21. Qg2 Bd6 22. f6 Qc7 23. g6 hxg6 24. Nh5 Kh7 25.
fxg7 Rfe8 26. g8=Q+ Rxg8 27. Nf6+ Kg7 28. Nxg8 Rxg8 29. h4 Bxf4 30. Rdf1 Rf8
31. Qg4 Bh6 32. Rhg1 Qd6 33. Bc4 f5 34. Qg2 Re8 35. h5 g5 36. c3 bxc3 37. bxc3
Rb8+ 38. Ka1 g4 39. Rd1 Qg3 40. Bd3 Qe5 41. Rb1 Rxb1+ 42. Kxb1 Ne6 43. Qb7+ Kf6
44. Qh7 Qb8+ 45. Kc2 Qh2+ 46. Kb3 c4+ 47. Bxc4 Qb8+ 48. Kc2 Qh2+ 49. Kb3 Qb8+
50. Kc2 Qh2+ {1/2-1/2 Rodriguez,A-Conquest,S/Cienfuegos 1996/CBM 54 (50)}) 6.
Bd3 $146 (6. Bf4 Bg7 7. Qd2 Nc6 8. Nxc6 bxc6 9. O-O-O Be6 10. Bh6 O-O 11. Bxg7
Kxg7 12. h4 h5 13. f3 Rb8 14. Be2 d5 15. Qe3 Qe7 16. exd5 cxd5 17. Nxd5 Nxd5
18. Rxd5 Rfe8 19. Rb5 Qf6 20. Qe5 Qxe5 {
Jansa,V-Castro Rojas,O/La Valetta 1980/EXT 2000/1/2-1/2 (43)}) (6. f3 Bg7 7.
Be3 Nc6 8. Bc4 O-O 9. Qd2 Nxd4 10. Bxd4 a6 11. O-O-O b5 12. Bd5 Rb8 13. Ba7 b4
14. Bxb8 bxc3 15. bxc3 Bd7 16. Ba7 c5 17. e5 Nxd5 18. Qxd5 Bxe5 19. Bxc5 Qg5+
20. Kb2 Be6 21. f4 Qxf4 22. Qd2 Rb8+ 23. Kc1 dxc5 {
0-1 Ryan,J-Heidenfeld,M/Irland 1996/EXT 2000 (23)}) (6. g3 Bg7 7. Bg2 O-O 8.
O-O Bg4 9. f3 Bd7 10. Be3 Nc6 11. Qd2 Re8 12. Rad1 a6 13. Rfe1 Qe7 14. Nxc6
bxc6 15. Kh1 Rab8 16. b3 Bc8 17. Bh6 Bxh6 18. Qxh6 Bb7 19. Qg5 c5 20. f4 h6 {
Schmidt,K-Fries Nielsen,J/Aarhus 1983/MCL/1/2-1/2 (43)}) (6. h3 Bg7 7. Bg5 Nbd7
8. Qd2 Ne5 9. f4 Ned7 10. O-O-O O-O 11. f5 Ne5 12. Be2 Qe8 13. Qf4 a6 14. g4 b5
15. Bxf6 Bxf6 16. g5 Bh8 17. Nd5 Qd8 18. f6 Re8 19. h4 Bb7 20. h5 Bxd5 {
Bilinski,V-Fankhauser,R/SWZ-ch int (Women) 1992/TD/1-0 (33)}) (6. Bg5 Bg7 7.
Qd2 h6 8. Bf4 g5 9. Bg3 Nh5 10. Be2 Nxg3 11. hxg3 Nc6 12. Bb5 Bd7 13. Nde2 Qf6
14. O-O O-O-O 15. Rad1 h5 16. Qe3 h4 17. Nd5 Qxb2 18. Bxc6 Bxc6 19. Ne7+ Kd7
20. Nxc6 bxc6 21. Qxg5 Bf6 22. Qf5+ Ke7 23. g4 Qxa2 24. g5 Bg7 25. Nf4 Be5 26.
c4 Qxc4 27. Rc1 Qb5 28. Rb1 Qc4 29. Rfc1 Qa2 30. Nd5+ Kf8 31. g6 Kg7 32. Nxc7
Rh6 33. gxf7 Rf8 34. Ne8+ Kh8 35. Qg5 Qe6 36. Rxc6 h3 37. Rxd6 Bxd6 38. Qg7# {
1-0 Hennings,A-Radulov,I/Siegen 1970/MCD (38)}) 6... Bg7 7. Nce2 O-O 8. c3 Re8
9. Qc2 Nbd7 10. Ng3 Nc5 {Now all is on e4} 11. O-O d5 12. Bb5 (12. Bg5 Qd6 $11)
12... Bd7 (12... c6 $5 13. e5 Nfd7 $17) 13. Bxd7 $15 Qxd7 14. exd5 Qxd5 15. Bd2
Nfe4 16. Nxe4 Nxe4 17. Nf3 (17. Be3 $5 $15 {must be considered}) 17... Nxd2 $17
18. Qxd2 Qxd2 19. Nxd2 Re2 20. Rfd1 Rae8 (20... Bh6 $142 $5 21. Nf3 Rxb2 $17)
21. Rab1 Bf8 22. Nf3 (22. Nb3 $5 $11 {is noteworthy}) 22... Bc5 $17 23. Nd4
Bxd4 24. cxd4 Rc2 25. Rbc1 (25. Rdc1 Ree2 $17) 25... Rxb2 26. Rxc7 Ree2 27. d5
(27. Rf1 $5 $17) 27... Rxf2 $19 28. d6 $2 (28. a3 $19) 28... Rxg2+ 29. Kf1
Rbf2+ 30. Ke1 Rxa2 31. Kf1 Rgf2+ (31... Rxh2 $142 $5 {
and Black can already relax} 32. Kg1 Rhd2 33. Rxd2 Rxd2 34. Rxb7 Rxd6 35. Rxa7
$19) 32. Kg1 Rg2+ $4 {with this move Black loses his initiative} (32... Kg7
$142 33. h4 Rg2+ 34. Kh1 Rgd2 35. Rxd2 Rxd2 36. Rxb7 Rxd6 37. Rxa7 Rd4 $19) 33.
Kf1 Rxh2 34. Kg1 Rhd2 35. Rxd2 Rxd2 36. d7 Kf8 37. Rxb7 Ke7 38. d8=Q+ Kxd8 39.
Rxf7 Rd7 40. Rf6 Kc7 41. Kf2 Rg7 42. Kg3 Kb7 43. Kf4 g5+ 44. Kg4 a5 45. Kh5 (
45. Re6 $19 {desperation}) 45... g4 46. Rf2 (46. Rf1 {hardly improves anything}
Rg6 $19) 46... g3 47. Rg2 Rg6 (47... Rg6 48. Kh4 a4 $19) 0-1

[Event "SA Candidates"]
[Site "Adelaide"]
[Date "2002.03.19"]
[Round "6.2"]
[White "Dakovic, Goran"]
[Black "Amini, Amir"]
[Result "1-0"]
[WhiteElo "1692"]
[BlackElo "1644"]
[Annotator "Fritz 7 - Anderson-Smith,W"]
[PlyCount "107"]
[EventDate "2002.02.12"]
[EventType "swiss"]
[EventRounds "7"]
[EventCountry "AUS"]

{A00: Irregular Openings} 1. a3 f5 2. d4 Nf6 3. c4 e6 4. Nc3 Be7 (4... b6 5.
Bf4 Bb7 6. e3 Be7 7. Nf3 O-O 8. Be2 Ne4 9. Nxe4 fxe4 10. Nd2 d6 11. Bg3 Bf6 12.
Qc2 c5 13. Nxe4 cxd4 14. Nxd6 Bxg2 15. Rg1 Bc6 16. Bg4 e5 17. Be6+ Kh8 18. Nf7+
Rxf7 19. Bxf7 d3 20. Qd2 Na6 21. b4 Nc7 22. Bh5 e4 23. Rc1 a5 24. b5 Bd7 25.
Bxc7 Qxc7 26. Rg2 Be6 27. Bd1 Rf8 28. Rg3 Bh4 29. f4 exf3 30. Kf2 {
0-1 Mason,J-Bird,H/Vienna 1882/EXT 99 (30)}) 5. Nf3 (5. b4 O-O 6. e3 b6 7. Nf3
Bb7 8. Bb2 Qe8 9. d5 Ne4 10. Nb5 Na6 11. dxe6 dxe6 12. Be5 Rd8 13. Qb3 c5 14.
Nc7 Nxc7 15. Bxc7 Rd7 16. Be5 Qd8 17. Be2 g5 18. h3 g4 19. Nh2 Bh4 {
Warnk,T-Blum,R/Bad Wildungen 1998/EXT 99/0-1 (29)}) 5... O-O 6. e3 d5 7. Bd3
$146 (7. b3 c6 8. Bd3 Bd7 9. Qc2 Kh8 10. Bb2 Bd6 11. c5 Bc7 12. b4 Be8 13. Ng5
Qe7 14. f4 Nbd7 15. Be2 Bg6 16. O-O Ng4 17. Qd2 Nxh2 18. Kxh2 Qxg5 19. Kg1 Qe7
20. Rf3 Nf6 21. Rh3 Kg8 {Maroczy,G-Chigorin,M/Budapest 1896/HCL/0-1 (53)}) 7...
c6 {Consolidates b5} 8. O-O Ne4 9. Ne5 Nd7 10. Nxd7 Bxd7 11. f3 Nd6 12. c5 {
White gets more space} Nf7 13. b4 e5 {Attacks the pawn chain} 14. Bd2 exd4 (
14... Bf6 $5 $15) 15. exd4 $14 Bf6 16. Be3 f4 17. Bf2 Nh6 18. Qd2 Qc7 19. Ne2
g5 20. Qc2 Rf7 21. Rad1 Re8 22. Rfe1 Rfe7 23. h3 Qc8 24. Kf1 (24. h4 $5 $15)
24... Bxh3 $1 $17 {Demolition of pawn structure} 25. gxh3 $4 {
strolling merrily down the path to disaster} (25. Bxh7+ $142 Rxh7 26. Qg6+ Rg7
27. Qxh6 $17 (27. Qxf6 $2 {springs to mind, but} Bxg2+ 28. Kxg2 Re6 29. Qxg7+
Kxg7 $19)) 25... Qxh3+ $19 26. Kg1 Ng4 27. fxg4 f3 {Theme: Double Attack} 28.
Nf4 Rxe1+ (28... gxf4 29. Be3 Rxe3 30. Rxe3 fxe3 31. Bxh7+ Kh8 32. Be4 e2 33.
Kf2 exd1=R 34. Qxd1 Rxe4 35. Qxf3 Bh4+ 36. Qg3 Qxg3+ 37. Kf1 Qf2#) 29. Rxe1
Rxe1+ 30. Bxe1 Bxd4+ $4 {Black has let it slip away} (30... gxf4 $142 {
the advantage is on the side of Black} 31. Qh2 Bxd4+ 32. Bf2 Qxh2+ 33. Kxh2
Bxf2 $19) 31. Bf2 $11 Qg3+ $4 {a transit from better to worse} (31... Qxg4+
$142 {and Black hangs on} 32. Kf1 Bxf2 33. Bxh7+ Kh8 34. Ng6+ Kg7 35. Qxf2 Qc4+
36. Kg1 Qc3 $11) 32. Kf1 $18 Bxf2 33. Qxf2 (33. Bxh7+ Kh8 34. Qxf2 Qxf4 35. Bf5
Qc4+ 36. Kg1 Qc1+ 37. Kh2 Qxa3 38. Kg3 $18) 33... Qxf4 $11 34. Bf5 h5 35. Qe1
Qc4+ $4 {weakening the position} (35... Kf8 $142 {would keep Black in the game}
36. Qe6 Qc4+ 37. Kf2 Qa2+ 38. Kxf3 Qxa3+ 39. Kf2 Qb2+ 40. Kf1 Qc1+ 41. Qe1
Qxe1+ 42. Kxe1 h4 $14) 36. Kf2 $18 Qa2+ 37. Kxf3 Qb3+ $2 (37... Qxa3+ $142 38.
Kg2 Qb2+ 39. Qf2 Qe5 40. gxh5 Kg7 $18) 38. Kf2 Qb2+ 39. Kf1 Kf8 40. gxh5 Qf6 (
40... Qh2 {does not save the day} 41. Bg6 Qh3+ 42. Ke2 Qg4+ 43. Kd2 Qf4+ 44.
Kc2 $18) 41. Qf2 Ke7 (41... Kg7 {doesn't change the outcome of the game} 42.
Bc8 Qc3 43. Bxb7 Qh3+ 44. Ke1 Qc3+ 45. Kd1 Qb3+ 46. Qc2 Qf3+ 47. Qe2 Qb3+ 48.
Ke1 Qc3+ 49. Kf2 Qf6+ 50. Qf3 Qd4+ 51. Qe3 Qh4+ 52. Qg3 Qxh5 53. Bxc6 Qf7+ 54.
Kg2 $18) 42. Bg6 (42. Bc8 {keeps an even firmer grip} Qh8 43. Qe2+ Kd8 44. Bxb7
Qa1+ 45. Kg2 Qf6 $18) 42... Qa1+ (42... Qf4 43. h6 Kf6 44. Qxf4+ gxf4 45. Be8
$18) 43. Qe1+ Qxe1+ 44. Kxe1 Kf6 (44... g4 {does not improve anything} 45. Bf5
g3 46. h6 $18) 45. Bd3 (45. Be8 $5 {seems even better} a6 46. Bxc6 bxc6 $18)
45... Kg7 (45... g4 {desperation} 46. b5 g3 47. bxc6 bxc6 $18) 46. Bf5 d4 47.
Kd2 b6 (47... g4 {doesn't get the bull off the ice} 48. Bxg4 Kf6 49. Bc8 $18)
48. Kd3 (48. b5 $142 {makes it even easier for White} g4 49. bxc6 g3 $18) 48...
Kf6 49. h6 bxc5 50. bxc5 Kxf5 51. h7 Kf4 52. h8=Q g4 (52... Kg4 {
hardly improves anything} 53. Ke4 a6 54. Qh1 Kg3 55. Qf3+ Kh2 56. Qf2+ Kh3 57.
Kf3 g4+ 58. Kf4 g3 59. Qxg3#) 53. Qxd4+ (53. Qf6+ Kg3 54. Qe5+ Kf2 55. Qxd4+
Kf1 56. Qxg4 Kf2 57. Qf4+ Kg2 58. Ke3 Kg1 59. Qf2+ Kh1 60. Kf3 a6 61. Qg2#)
53... Kf3 (53... Kg5 {cannot change destiny} 54. Ke4 Kg6 55. Qh8 Kf7 56. Ke5
Kg6 57. Qg8+ Kh5 58. Kf5 g3 59. Qg5#) 54. Qg1 (54. Qg1 Kf4 55. Kd4 g3 56. Qf1+
Kg5 57. Ke5 Kg6 58. Qf6+ Kh7 59. Qf7+ Kh6 60. Kf5 g2 61. Qg6#) (54. Qf6+ Kg2
55. Qd6 Kg1 56. Qg3+ Kh1 57. Ke3 a6 58. Kf2 a5 59. Qg2#) 1-0